000 01368cam a2200361 a 4500
999 _c8627
_d8627
001 8627
003 BD-JhCC
005 20180228100022.0
008 870220r19871950nyu j 000 0 eng
020 _a0394891759 :
_c$2.95
020 _a0394903056 (lib. bdg.) :
_c$7.99
035 _a(BD-JhCC)8627
040 _aDLC
_cDLC
_dDLC
_dBD-JhCC
041 _aeng
050 0 0 _aE221
_b.F57 1987
082 0 0 _a973.3/13
_219
_bFIS 1987
100 1 _aFisher, Dorothy Canfield,
_d1879-1958.
245 1 0 _aOur independence and the constitution /
_cDorothy Canfield Fisher.
260 _aNew York :
_bRandom House,
_c[1987], c1978.
300 _a147 p. ;
_c22 cm.
490 0 _aLandmark books
500 _aReprint. Originally published: New York : Random House, 1950.
520 _aPortrays the writing of the Declaration of Independence and the formation of the Constitution through the eyes of one Philadelphia family.
610 1 0 _aUnited States.
610 1 1 _aUnited States.
650 0 _aConstitutions
_zUnited States
_vJuvenile literature.
650 0 _aConstitutional history
_zUnited States
_vJuvenile literature.
650 1 _aConstitutional history
_zUnited States.
651 0 _aUnited States
_xPolitics and government
_y1775-1783
_vJuvenile literature.
651 1 _aUnited States
_xPolitics and government
_y1775-1783.
942 _2ddc
_cBK